000
00327nam a2200121Ia 4500
008
190415s9999 xx 000 0 und d
082
_a
RL.0016
100
_a
Lakshman, U.N.
245
0
_a
Comparative study of external debt servicing problems of Brazil and India, lesso
260
_c
1989
300
_a
457p.+bib.
942
_c
BK
999
_c
11768
_d
11768